| 000 | 00551nam a22001577a 4500 | ||
|---|---|---|---|
| 999 |
_c534627 _d534627 |
||
| 020 | _qHard Cover. | ||
| 082 | _a660 | ||
| 100 | _aKhan, Awais | ||
| 245 |
_a Influence of Plasticizers on Mechanical and Thermal Properties of Methyl Cellulose based Biodegradable Films / _cAwais Khan. |
||
| 260 |
_aIslamabad : _bSCME - NUST, _c2016. |
||
| 300 |
_ax, 64 p. ill. : _c30cm. |
||
| 942 |
_2ddc _cTHE |
||
| 650 |
_aChemical Engineering - MS Thesis. _916130 |
||
| 700 |
_aDr. Salman Raza Naqvi. _928711 |
||